Statistics for Power Table (1^1 to 5^5)

Click here to take the quiz!

General Stats

  • This quiz has been taken 21 times
  • The average score is 15 of 19

Answer Stats

Numbers% Correct
1
100%
16
100%
2
100%
27
100%
3
100%
32
100%
4
100%
8
100%
9
100%
5
78%
64
78%
81
78%
25
72%
125
61%
243
61%
256
61%
625
61%
1024
50%
3125
44%

Score Distribution

Percentile by Number Answered

Percent of People with Each Score

Your Score History

You have not taken this quiz